| 000 | 00775nam a2200229 4500 | ||
|---|---|---|---|
| 001 | 46162 | ||
| 010 | _a9789723616361 | ||
| 021 | _b391189/15 | ||
| 090 | _a46162 | ||
| 100 | _a20190531d2018 m y0pory50030103ba | ||
| 101 | 0 | _apor | |
| 102 | _aPT | ||
| 200 | 1 |
_aPassageiro em trânsito _fCristóvão de Aguiar _gposf. Maria do Rosário Girão Ribeiro dos Santos |
|
| 210 | 9 |
_aPorto _cAfrontamento, _d2018 |
|
| 215 |
_a147, [2] p. _d22 cm |
||
| 225 | 2 |
_aObras completas Cristovão de Aguiar _v7 |
|
| 675 |
_a821.134.3-31"19/20" _vBN _zpor |
||
| 700 | 1 |
_aAguiar, _bCristóvão de, _f1940-2021 |
|
| 702 | 1 |
_aGirão, _bMaria do Rosário, _f1956- _4075 |
|
| 801 | 0 |
_aPT _bBN _gRPC |
|
| 856 | 4 | 1 | _uhttp://rnod.bnportugal.gov.pt/ImagesBN/winlibimg.aspx?skey=&doc=2023096&img=125951&save=true |
| 990 | _cLIVROS | ||